000 00853nam a2200241Ia 4500
005 20241128101301.0
008 210716s2016 xx 000 0 und d
020 _a9789351509912
040 _cAIMIT LIBRARY
041 _aeng
082 _a001.07265831
_21
_bRAOT
245 _aHRD, OD, and institution building :
_bessays in memory of Udai Pareek /
_cEdited by T V Rao and Anil K Khandelwal.
250 _a1st ed.
260 _aNew Delhi :
_bSage Publications ,
_c2016.
300 _axxvii,450p. ;
_bPB
_c24.5 cm
650 _aHRD and OD
_9186962
650 _aInstitution building
_9186963
650 _aSocial development and nation building
_9186964
650 _aSocial development and nation building
_9186964
700 _aRao, T V., ed.
_9186965
700 _aKhandelwal, Anil K., ed.
_9186966
942 _2ddc
_cBK
_e1st
_k001.07265831 RAOT
999 _c211467
_d211467